|
|
|
|
| LEADER |
01097nam a2200301 a 4500 |
| 001 |
28894 |
| 003 |
BD-DhAAL |
| 005 |
20150220105250.0 |
| 008 |
150220s1991 nyu 000 0aeng |
| 010 |
|
|
|a 91040470
|
| 020 |
|
|
|a 0688114121
|
| 020 |
|
|
|a 0156026058 (pbk)
|
| 040 |
|
|
|a DLC
|c DLC
|d DLC
|d BD-DhAAL
|
| 043 |
|
|
|a f-sa---
|
| 050 |
0 |
0 |
|a PR9369.3.V33
|b Z464 1992
|
| 082 |
0 |
0 |
|a 808/.0092
|2 20
|
| 100 |
1 |
|
|a Van der Post, Laurens.
|9 8663
|
| 245 |
1 |
0 |
|a About Blady :
|b a pattern out of time /
|c Laurens van der Post.
|
| 260 |
|
|
|a New York :
|b Morrow,
|c 1991.
|
| 300 |
|
|
|a 255 p. ;
|c 25 cm.
|
| 541 |
|
|
|e 28894
|
| 600 |
1 |
0 |
|a Van der Post, Laurens.
|9 8664
|
| 650 |
|
0 |
|a Authors, South African
|y 20th century
|x Biography.
|9 8665
|
| 650 |
|
0 |
|a Horses
|x Anecdotes.
|9 8666
|
| 651 |
|
0 |
|a South Africa
|x Social life and customs.
|9 8667
|
| 942 |
|
|
|2 ddc
|c BK
|
| 999 |
|
|
|c 33761
|d 33761
|
| 952 |
|
|
|0 0
|1 0
|2 ddc
|4 0
|6 808_009200000000000_VAN
|7 0
|9 52722
|a BRACUL
|b BRACUL
|c GEN
|d 2015-02-20
|e BRAC Institute of Language (BIL)
|l 0
|o 808.0092 VAN
|p 3010028894
|r 2015-02-20
|t 1
|w 2015-02-20
|y BK
|x Transferred from BIL to BRACUL on 06/06/22
|